Entry Personal Name
Number of records used in: 1
001 - CONTROL NUMBER
003 - CONTROL NUMBER IDENTIFIER
005 - DATE AND TIME OF LATEST TRANSACTION
- control field:
20220524150242.0
008 - FIXED-LENGTH DATA ELEMENTS
- fixed length control field:
790913n| azannaabn |n aaa
010 ## - LIBRARY OF CONGRESS CONTROL NUMBER
- LC control number:
n 79104673
016 ## - NATIONAL BIBLIOGRAPHIC AGENCY CONTROL NUMBER
- Record control number:
1007D3597E
035 ## - SYSTEM CONTROL NUMBER
- System control number:
(OCoLC)oca00336701
040 ## - CATALOGING SOURCE
- Original cataloging agency:
DLC
- Language of cataloging:
eng
- Description conventions:
rda
- Transcribing agency:
DLC
- Modifying agency:
DLC
- Modifying agency:
DNLM
- Modifying agency:
PSt
- Modifying agency:
CaOONL
042 ## - AUTHENTICATION CODE
100 1# - HEADING--PERSONAL NAME
- Personal name:
Santrock, John W.
370 ## - ASSOCIATED PLACE
- Associated country:
United States
- Other associated place:
Dallas (Tex.)
- Source of term:
naf
372 ## - FIELD OF ACTIVITY
- Field of activity:
Psychology
- Source of term:
lcsh
373 ## - ASSOCIATED GROUP
- Associated group:
University of Texas at Dallas
- Associated group:
University of Charleston
- Associated group:
University of Georgia
- Source of term:
naf
374 ## - OCCUPATION
- Occupation:
Psychologists
- Occupation:
College teachers
- Source of term:
lcsh
375 ## - GENDER
377 ## - ASSOCIATED LANGUAGE
378 ## - FULLER FORM OF PERSONAL NAME
- Fuller form of personal name:
John Wynne
670 ## - SOURCE DATA FOUND
- Source citation:
Yussen, S. R. Child development, c1978 (a.e.)
- Information found:
t.p. (John W. Santrock)
670 ## - SOURCE DATA FOUND
- Source citation:
Life-span development, 2012:
- Information found:
eCIP t.p. (John W. Santrock) data view screen (received his Ph.D. from the University of Minnesota in 1973; currently teaches a number of undergraduate courses; was given the University's Effective Teaching Award in 2006)
670 ## - SOURCE DATA FOUND
- Source citation:
Essentials of life-span developmemnt, 2016:
- Information found:
eCIP t.p. (John W. Santrock) data view screen (University of Texas at Dallas)
670 ## - SOURCE DATA FOUND
- Source citation:
Adolescence, 2016:
- Information found:
title page (John W. Santrock, University of Texas at Dallas) page xi (John Santrock received his Ph.D. from the University of Minnesota in 1973. He taught at the University of Charleston and the University of Georgia before joining the program in Psychology in the School of Behavioral and Brain Sciences at the University of Texas at Dallas, where he currently teaches a number of undergraduate courses.)
670 ## - SOURCE DATA FOUND
- Source citation:
OCLC, February 15, 2017
- Information found:
(heading on 1973 Ph.D. dissertation from University of Minnesota: Santrock, John Wynne)
670 ## - SOURCE DATA FOUND
- Source citation:
LAC internal file, March 28, 2022
- Information found:
(access point: Santrock, John W.; American)